000
00299nam a2200145Ia 4500
100
_a
Ben Albahari
942
_c
BK
654
_a
C # essential
245
_a
C # Essential
260
_b
Oreilly & Ass Inc
_c
2001
082
_a
005.133'C'
_b
BEN
300
_a
199
546
_a
ENGLISH
999
_c
28919
_d
28919